| 000 | 01061cam a22003137a 4500 | ||
|---|---|---|---|
| 003 | CHAP | ||
| 005 | 20220329141414.0 | ||
| 008 | 971013s1988 r 00010 d | ||
| 010 | _a67666 | ||
| 011 | _a68638 | ||
| 035 | _a78111 | ||
| 040 | _cCHAP | ||
| 090 | _aTesis | ||
| 100 | 0 | 0 |
_aGonzález Mateos, Ricardo. _949160 |
| 245 | 1 | 3 | _aLa clasificación campesina como un sustituto de los levantamientos detallados de suelos |
| 260 |
_aMontecillo, Méx. : _bEl autor, _c1988 |
||
| 300 |
_a101 h. _b: gráfs. |
||
| 502 | _aTesis (Maestro en ciencias Esp. en Edafología) -- CP. Centro de Edafología | ||
| 590 |
_aALEPH _b10 _c20130110 _lUCH01 _h1403 |
||
| 590 |
_aBATCH-UPD _b10 _c20130110 _lUCH01 _h2022 |
||
| 590 |
_aBATCH-UPD _b10 _c20130410 _lUCH01 _h1340 |
||
| 590 |
_aBATCH-UPD _b10 _c20130914 _lUCH01 _h1700 |
||
| 590 |
_aCONVERSION _b10 _c20130109 _lUCH01 _h1337 |
||
| 650 | 1 | 4 |
_aSuelos _xClasificación. _9110239 |
| 901 | _aBK | ||
| 942 | _cFOLL | ||
| 949 |
_bBC _cTES _d-30985 _eTS1 _h21003 _i78111 _si |
||
| 949 |
_bBC _cTES _d-95404 _eTS2 _fc.2 _h21004 _i78111 _si |
||
| 999 |
_c67666 _d67666 |
||